00000000nam 2200000za 4500
0019.581251
003CaOODSP
00520220125145841
007cr |||||||||||
008150406s2008    onc    #o    f000 0 eng d
040 |aCaOODSP|beng
043 |an-cn---
0861 |aD4-12/3-2008E-PDF
24500|aNaval operations in Arctic waters |h[electronic resource] : |bthe operational legal challenges of naval operations in Canada's Arctic waters / |cissued on Authority of the Chief of the Defence Staff.
260 |aOttawa : |bNational Defence, |c2008.
300 |a48 p.
4901 |aOffice of the Judge Advocate General, strategic legal paper series ; |v3
500 |aThis publication has been removed on June 5, 2019, as requested by the issuing department.
590 |a15-02-Supp|b2015-02-16
69007|aArmed forces|2gcpds
69007|aNorthern Canada|2gcpds
69007|aSovereignty|2gcpds
7101 |aCanada.|bDepartment of National Defence. |bOffice of the Judge Advocate General.
77508|tOpérations navales dans l'eau Arctic |w(CaOODSP)9.608079
830#0|aOffice of the Judge Advocate General, strategic legal paper series ;|v3|w(CaOODSP)9.507941
986 |aA-LG-007-SLA/AF-003